000
00325nam a22001337a 4500
008
170927b xxu||||| |||| 00| 0 eng d
020
_a
9780735567412
041
_a
eng
080
_2
5 ED
_a
37
100
_a
47
101
_a
EDU
245
_a
THE LEGAL RESEARCH AND WRITING WORKBOOOK
_c
YELIN.A.B
942
_2
udc
_c
BK
999
_c
30285
_d
30285